| 000 | 00647nam a2200205Ia 4500 | ||
|---|---|---|---|
| 003 | LK-CoDNM | ||
| 008 | 010623t2008 xxu||||| |||| 00| 1 sin d | ||
| 040 |
_aLK-CoDNM _dLK-CoDNM _eLK-CoDNM |
||
| 041 | _asin | ||
| 080 | _a291.93FEN | ||
| 100 | _aFenwick,Elizabeth | ||
| 245 | _aඅතීත ජන්ම,පුනර්ජන්ම ස්මරණ පිළිබඳ පර්යේෂණයක් | ||
| 246 | _aAteeta Janma : Punarjanma Smarana Pilibada Smaranayak | ||
| 260 |
_bRathna _aColombo _c2008 |
||
| 300 | _b589p., 21 cm | ||
| 650 | _aReincarnation | ||
| 700 | _aFenwick,Peter | ||
| 700 |
_aGunarathna,Kumari _etr. |
||
| 942 | _cBK | ||
| 999 |
_c127467 _d127467 |
||